000 00737nam a2200265Ia 4500
005 20250425161946.0
008 250425s9999 xx 000 0 und d
020 _a9688806951
041 _aspa
082 _a658
100 _aROBBINS, STEPHEN P.
245 0 _aFUNDAMENTOS DE ADMINISTRACION: CONCEPTOS ESENCIALES Y APLICACIONES
250 _a1A ED.
260 _aMEXICO
260 _aMéxico
_bPRENTICE HALL
_c1996
300 _a485
500 _aTítulo Traducido: FUNDAMENTALS OF MANAGEMENT, ESSENTIAL CONCEPTS AND APPLICATIONS
650 _aGESTION
650 _aLIDERAZGO
650 _aMETODOS DE GESTION
650 _aPLANIFICACION
700 _aESTHER FERNANDEZ
_etraductor
942 _c01
010 _a37201
999 _c219646
_d219646